400 días sin luz / (Registro nro. 136738)

Detalles MARC
000 -CABECERA
campo de control de longitud fija 01645nam a22003374i 4500
001 - NÚMERO DE CONTROL
campo de control 991061506419806706
003 - IDENTIFICADOR DEL NÚMERO DE CONTROL
campo de control ES-BaIT
005 - FECHA Y HORA DE LA ÚLTIMA TRANSACCIÓN
campo de control 20251209094344.0
008 - DATOS DE LONGITUD FIJA--INFORMACIÓN GENERAL
campo de control de longitud fija 251016e202210 sp o ||||||000 d spa c
017 ## - NÚMERO DE COPYRIGHT O DE DEPÓSITO LEGAL
Número de copyright o de depósito legal DL M 24485-2022
Agencia que asigna Oficina DL Madrid
020 ## - NÚMERO INTERNACIONAL ESTÁNDAR DEL LIBRO
Número Internacional Estándar del Libro 9788490414583
040 ## - FUENTE DE LA CATALOGACIÓN
Centro catalogador/agencia de origen ES-BaIT
Lengua de catalogación cat
Normas de descripción rda
Centro/agencia transcriptor ES-BaIT
080 ## - NÚMERO DE LA CLASIFICACIÓN DECIMAL UNIVERSAL
Número de la Clasificación Decimal Universal 860-2"20"
100 1# - ENTRADA PRINCIPAL--NOMBRE DE PERSONA
Nombre de persona Espín, Vanessa
Término indicativo de función/relación autor
9 (RLIN) 167624
245 10 - MENCIÓN DE TÍTULO
Título 400 días sin luz /
Mención de responsabilidad, etc. Vanessa Espín
246 31 - FORMA VARIANTE DE TÍTULO
Título propio/Titulo breve Cuatrocientos días sin luz
250 ## - MENCIÓN DE EDICIÓN
Mención de edición Primera edición
264 #1 - PRODUCCIÓN, PUBLICACIÓN, DISTRIBUCIÓN, FABRICACIÓN Y COPYRIGHT
Producción, publicación, distribución, fabricación y copyright Madrid :
Nombre del de productor, editor, distribuidor, fabricante Centro Dramático Nacional,
Fecha de producción, publicación, distribución, fabricación o copyright octubre 2022
300 ## - DESCRIPCIÓN FÍSICA
Extensión 121 pàgines :
Otras características físicas fotografies (en color) ;
Dimensiones 22 cm
336 ## - TIPO DE CONTENIDO
Término de tipo de contenido text
Código de tipo de contenido txt
Fuente rdacontent
337 ## - TIPO DE MEDIO
Nombre/término del tipo de medio sense mediació
Código del tipo de medio n
Fuente rdamedia
338 ## - TIPO DE SOPORTE
Nombre/término del tipo de soporte volum
Código del tipo de soporte nc
Fuente rdacarrier
500 ## - NOTA GENERAL
Nota general P22: D11, H11 en P9: D6, H3 i altres
500 ## - NOTA GENERAL
Nota general Al llom: 20
500 ## - NOTA GENERAL
Nota general Estrena Centro Dramático Nacional, Sala Francisco Nieva del Teatro de Vallé-Inclán, el 7 de octubre de 2022
520 ## - SUMARIO, ETC.
Sumario, etc. "400 días sin luz es la historia y el mapa de un barrio. También es el relato de Wafa y de su familia que viven en ese lugar rodeadas de muchas familias más. Esta historia será un mapa de todas las personas que viven y han vivido en La Cañada, porque este lugar contiene años de sueños, de huertas y de pájaros. Un día se quedan sin uno de los derechos fundamentales para llevar una vida digna: la luz. A partir de ese momento dejarán de vivir y comenzará una lucha por " -- sobrevivir." -- Pàgina web Casa del libro
650 #0 - PUNTO DE ACCESO ADICIONAL DE MATERIA--TÉRMINO DE MATERIA
Término de materia o nombre geográfico como elemento de entrada Barraquisme
Subdivisión general Textos dramàtics
9 (RLIN) 167625
908 ## - COLOCAR PARÁMETRO DE COMANDO (RLIN)
Colocar parámetro de comando CDMAE
940 ## - EQUIVALENCIA O REFERENCIA-CRUZADA--TÍTULO UNIFORME [OBSOLETO] [solamente CAN/MARC]
Título uniforme <a href="CVA38">CVA38</a>
942 ## - ELEMENTOS DE ENTRADA AGREGADA (KOHA)
Fuente del sistema de clasificación o colocación Clasificación decimal universal
Tipo de ítem Koha Llibre
Existencias
Estado de retiro Estado de pérdida Fuente del sistema de clasificación o colocación Estado dañado No para préstamo Localización permanente Ubicación/localización actual Ubicación en estantería Fecha de adquisición Fuente de adquisición Total de préstamos Signatura topográfica completa Código de barras Fecha visto por última vez Precio válido a partir de Tipo de ítem Koha
    Clasificación decimal universal     Biblioteca Barcelona Biblioteca Barcelona BCN Lliure Accés 27/10/2025 Compra   860 ESPI cua 1900089403 27/10/2025 27/10/2025 Llibre

Con tecnología Koha